000 00419nam a2200157 i 4500
001 24700
003 ES-MaACL
005 20230906153115.0
007 t|
008 021218s1961 sp ||||1| lat d
100 1 _aAntoniutti, Hildebrando.
_921994
245 1 0 _aSub umbra Petri /
_cHildebrando Antoniutti.
260 _aMadrid :
_bRialp,
_c1961.
300 _a2 v. ;
_c24 cm.
852 _aES-MaACL
_jC-20107-8
_bR.48484
999 _c24700
_d24700